000 00789cab a2200265 4500
001 WB3215-65
008 090401t1996 xxu||||| |||| 00| 0 eng d
035 _a(Sirsi) u69992
041 _aeng
245 _aElectric field risk warning
260 _c1996
350 _a0
490 _aUtility Week
_v5(13) 12 April 1996, 5(1)
520 _aThe US law firm Kroll and Tract are warning insurance companies to take seriously electromagnetic fields (EMF), and the risks associated with them.
650 _aELECTROMAGNETIC FIELDS
650 _aHEALTH HAZARDS
650 _aINSURANCE ISSUES
650 _aOVERHEAD POWER LINES
650 _aRISKS
650 _aUNITED STATES
650 _aUTILITIES COMPANIES
690 _aInsurance
_96249
942 _n0
948 _c04/03/1997
999 _c44027
_d44027